| 000 | 00410nam a22001697a 4500 | ||
|---|---|---|---|
| 005 | 20260328105844.0 | ||
| 020 | _a9789356814066 | ||
| 041 | _aEnglish | ||
| 082 | _a001 R24 PRE | ||
| 100 | _aPrem Manju | ||
| 245 | _aUGC NET/SET JRF Paper II Adult and Continuing Education and Extension | ||
| 250 | _a01 | ||
| 260 |
_aHaryana _bG.K.Publications _c2024 |
||
| 300 | _a300 | ||
| 365 | _b500.00 | ||
| 942 | _cBK | ||
| 999 |
_c177110 _d177110 |
||